000 00436nam a2200181Ia 4500
008 210210b1966 xxu||||| |||| 00| 0 eng d
041 _aeng
082 _a828/168a
100 _aCROCKER (W)
245 _aNehru: a contemporarys estimate
260 _aLondon
_bGeorge Allen and Unwin Limited
_c1966
650 _aNehru:
650 _aestimate
650 _acontemporarys
650 _aa
690 _aBiography
906 _a016014
999 _c135404
_d135404